00551nai a2200157Ia 4500003000900000008004100009022002200050022002300072040001600095245003500111260005800146310001900204362002900223521006900252856007200321IN-BaIIA211028c9999 xx s 000 0 eng d a0175-7571 (Print) a1432-1017 (Online) cIIA Library 0aBiophysics journalh[eJournal] aBasel, SwitzerlandbSpringer International Publishing aSemi-Quarterly a1(1); 2007 - 42(2); 2018 bSubscribed through National Knowledge Resource Consortium (NKRC) uhttps://www.springer.com/journal/249yClick Here to Access eJournal